00451nam a2200181 a 4500001001300000003000900013005001700022008004100039020000900080082001400089100001600103245003800119260004500157300000800202500003500210650000800245700001600253nice12345678IN_TiNIC20260116014454.0070411s2006 newa grp 000 0 eng  ac2000a340bMAT5 aMathew, P D aWhat You Should Know About F.I.R. aNew DelhibIndian Social Institutec2006 a60p aincludes index and biblioraphy aLaw1 aMathew, P D